OECD Journal of competition law and policy

Na minha lista:
Detalhes bibliográficos
Formato: Periódico
Idioma:inglês
Publicado em: Paris OECD
Colecção:OECD journal
Assuntos:
Tags: Adicionar Tag
Sem tags, seja o primeiro a adicionar uma tag!

MARC

LEADER 00000nas1a2200000 4500
001 s123765
005 20230525140326.5
022 |a 1560-7771 
041 0 |a eng 
044 |a FR 
245 1 0 |a OECD Journal of competition law and policy 
264 1 |a Paris  |b OECD 
490 1 |a OECD journal 
830 0 |a OECD journal 
610 2 0 |a konkurencia 
610 2 0 |a právo